000 00401nam a22001697a 4500
999 _c10585
_d10585
003 OSt
008 210327b ||||| |||| 00| 0 eng d
020 _a8127224804
082 _a687.02 SOA
100 _aSODHIA, Manmeet
245 _aAdvanced Drafting and Draping
250 _a2nd Rep.
260 _aNew Delhi
_bKalyani Publishers
_c2017
300 _a159
650 _aTextile
942 _2ddc
_cBK